Ham radio (Record no. 6869)

MARC details
000 -LEADER
fixed length control field 00874 a2200217 4500
005 - DATE AND TIME OF LATEST TRANSACTION
control field 20080908170217.0
008 - FIXED-LENGTH DATA ELEMENTS--GENERAL INFORMATION
fixed length control field 080908t xxu||||| |||| 00| 0 eng d
010 ## - LIBRARY OF CONGRESS CONTROL NUMBER
LC control number ENG-87695
020 ## - INTERNATIONAL STANDARD BOOK NUMBER
Terms of availability 55.00
035 ## - SYSTEM CONTROL NUMBER
System control number EN-71228
037 ## - SOURCE OF ACQUISITION
Source of stock number/acquisition DBAD / PUB
082 ## - DEWEY DECIMAL CLASSIFICATION NUMBER
Classification number 621.38416
100 ## - MAIN ENTRY--PERSONAL NAME
Personal name Ponnusamy, A.
245 ## - TITLE STATEMENT
Title Ham radio
Remainder of title electronics rules and regulations morse code ( a study manual for A.S.O.L. examinations grade-I, grade-II and restricted
Statement of responsibility, etc by A. Ponnusamy
250 ## - EDITION STATEMENT
Edition statement 5th ed.
260 ## - PUBLICATION, DISTRIBUTION, ETC. (IMPRINT)
Place of publication, distribution, etc Salem
Name of publisher, distributor, etc Bright Publishers
Date of publication, distribution, etc 2005
270 ## - ADDRESS
Address 131/1(477/1), Angammal Colony,
City Salem
Postal code 636 009
300 ## - PHYSICAL DESCRIPTION
Extent 164 p.
Dimensions 21 cm ( pbk.)
942 ## - ADDED ENTRY ELEMENTS (KOHA)
Institution code [OBSOLETE] dpl
Koha item type English Books
Call number prefix 621.38416/PON
Source of classification or shelving scheme Dewey Decimal Classification
Classification part 621.38416
Call number suffix PON
Holdings
Withdrawn status Lost status Damaged status Not for loan Collection code Home library Current library Date acquired Cost, normal purchase price Total Checkouts Full call number Barcode Date last seen Copy number Uniform Resource Identifier Cost, replacement price Price effective from Koha item type
      Not For Loan Non-fiction D.B.Act.Division D.B.Act.Division 08/09/2008 55.00   621.38416 PON EN-71228 15/09/2008 1 7374 55.00 15/09/2008 English Books

© Delhi Public Library
Hit Counter
free hit counter